LEADER 01152nas a2200265 i 4500 001 000000253029 003 CaOOAMICUS 005 20190708115734.0 008 170220b2015 it uu u0 0mul r 013 $a231934 040 $aSeMil$bita 240 10$aVolume in onore di Nicolas Egender, OSB e Sebastià Janeras i Vilaró, [parte] 2.$0(OLS)http://semarc/title/410334 245 10$a2015. 260 $aGrottaferrata (Roma) :$bCongregazione d'Italia dei Monaci Basiliani,$c2015 (stampa 2016) 300 $aVII, 306 p. :$bill., tabelle ;$c24 cm. 500 $aArticoli con sintesi in inglese [Summary] in coda. 700 1 $aJaneras, Sebastià <1931- >.$0(OLS)http://semarc/name/15775 700 1 $aEgender, Nicolas .$0(OLS)http://semarc/name/82925 774 0 $t[vedi periodico].$w()290531 850 $aSeMil 852 $aSeMil$W1$xVenegono$y1$m47 5 67$j203375$B203375$CSeMilBibl$Z2$F216268 $85 961 $aCambio: Scuola Cattolica 996 $6245$a2015$9(OLS)http://semarc/title/339775 996 $6260$aGrottaferrata (Roma) :$bCongregazione d'Italia dei Monaci Basiliani$9(OLS)http://semarc/publisher/47210 LEADER 01902nam a2200325 i 4500 001 000000179120 003 CaOOAMICUS 005 20090430000000.0 008 090430s2009 gw u000 u mul u 013 $a156696 020 $a978-3-451-21976-4 040 $aSeMil$bita 245 10$aIsidorus Episcopus Hispalensis Expositio in Vetus Testamentum :$bGenesis /$ctextum ad fidem codicum antiquiorum restituit Michael M. Gorman ; fontes operis nunc primum detexerunt Martine Dulaey et Michael M. Gorman. 260 $aFreiburg ; Basel ; Wien :$bHerder,$c2009. 300 $aXLIII, 126 p., [8] p. di tav. :$bfacs. ;$c25 cm. 490 0 $aVetus Latina. Aus der Geschichte der Lateinischen Bibel ;$v38 500 $aTesto latino, introduzione e commento in inglese e francese. 650 4$aBibbia. Antico Testamento. Genesi - Commentari, studi, critica, interpretazioni.$0(OLS)http://semarc/subject/344 650 4$aBibbia. Antico Testamento - Commentari, studi, critica, interpretazioni.$0(OLS)http://semarc/subject/2 650 4$aIsidoro : di Siviglia - Opere.$0(OLS)http://semarc/subject/34109 700 1 $aDulaey, Martine.$0(OLS)http://semarc/name/27789 700 1 $aGorman, Michael,$d<1944- >.$0(OLS)http://semarc/name/63354 700 0 $aIsidorus : Hispalensis,$c.$0(OLS)http://semarc/name/3357 830 0$aVetus Latina. Aus der Geschichte der Lateinischen Bibel ;$v38.$0(OLS)http://semarc/title/70 850 $aSeMil 852 $aSeMil$W1$xVenegono$y1$m2XA O 38$j245853$B129885$CSeMilBibl$Z2$F141407 $81 961 $aSottoscrizione: Herder 996 $6020$a978-3-451-21976-4$9(OLS)http://semarc/number/168232 996 $6245$aIsidorus Episcopus Hispalensis Expositio in Vetus Testamentum :$bGenesis$9(OLS)http://semarc/title/257214 996 $6260$aFreiburg ; Basel ; Wien :$bHerder$9(OLS)http://semarc/publisher/29643